00689nam a2200193 a 450000100100000000500170001000800410002704000250006808200170009310000360011024500680014625000110021426000280022530000210025350400740027404900090034895201210035799900170047800002311820200930022011.0101126s1973 ve r 000 0 spa d aDO-SdBNPbspacBNPHU axxxxxbA923t1 aAugustinovich, Agustín94759414aLs tentaciones del cristiano de hoy /cAgustín Augustinovich. a3a ed. aCaracas :bArte,c1973. a192 p. ;c18 cm. aIncluye referencias bibliográficas y notas al pie de las páginas. aBNGR 001054708MOaGRbGRcCTd2010-11-26iLF1l0oxxxxx A923tp23118-10r2020-06-25w2020-06-25y4ZPréstamo en sala c22615d22615